|
|
|
|
| LEADER |
00000nam0a2200000 4500 |
| 001 |
251647 |
| 005 |
20231101232657.0 |
| 010 |
|
|
|a 5211004698
|
| 035 |
|
|
|a (RuTPU)RU\TPU\book\273955
|
| 090 |
|
|
|a 251647
|
| 100 |
|
|
|a 20140224d1988 k y0rusy50 ca
|
| 101 |
0 |
|
|a rus
|
| 102 |
|
|
|a RU
|
| 105 |
|
|
|a a z 001zy
|
| 200 |
1 |
|
|a Свойства жидких металлов
|f Л. П. Филиппов
|g Московский государственный университет им. М. В. Ломоносова (МГУ)
|
| 210 |
|
|
|a Москва
|c Изд-во Московского ун-та
|d 1988
|
| 215 |
|
|
|a 113 с.
|c ил.
|
| 225 |
1 |
|
|a Физика
|
| 320 |
|
|
|a Библиогр.: с. 108-113.
|
| 606 |
1 |
|
|a Металлы жидкие
|x Физика
|2 stltpush
|3 (RuTPU)RU\TPU\subj\43286
|9 62829
|
| 610 |
1 |
|
|a аппарат
|
| 610 |
1 |
|
|a термодинамическое подобие
|
| 610 |
1 |
|
|a аппроксимация
|
| 610 |
1 |
|
|a плотность
|
| 610 |
1 |
|
|a тепловое расширение
|
| 610 |
1 |
|
|a насыщенные пары
|
| 610 |
1 |
|
|a давление
|
| 610 |
1 |
|
|a теплота
|
| 610 |
1 |
|
|a испарения
|
| 610 |
1 |
|
|a критический объем
|
| 610 |
1 |
|
|a критическая температура
|
| 610 |
1 |
|
|a поверхностное напряжение
|
| 610 |
1 |
|
|a сжимаемость
|
| 610 |
1 |
|
|a электропроводность
|
| 675 |
|
|
|a 669-154
|v 3
|
| 700 |
|
1 |
|a Филиппов
|b Л. П.
|g Лев Петрович
|
| 712 |
0 |
2 |
|a Московский государственный университет им. М. В. Ломоносова (МГУ)
|2 stltpush
|3 (RuTPU)RU\TPU\col\7
|
| 801 |
|
1 |
|a RU
|b 63413507
|c 20140224
|
| 801 |
|
2 |
|a RU
|b 63413507
|c 20140304
|g RCR
|
| 942 |
|
|
|c BK
|